<?xml version="1.0" encoding="UTF-8"?><?xml-stylesheet type="text/xsl" href="static/style.xsl"?><OAI-PMH xmlns="http://www.openarchives.org/OAI/2.0/" xmlns:xsi="http://www.w3.org/2001/XMLSchema-instance" xsi:schemaLocation="http://www.openarchives.org/OAI/2.0/ http://www.openarchives.org/OAI/2.0/OAI-PMH.xsd"><responseDate>2026-04-17T13:22:54Z</responseDate><request verb="GetRecord" identifier="oai:www.recercat.cat:2072/485476" metadataPrefix="marc">https://recercat.cat/oai/request</request><GetRecord><record><header><identifier>oai:recercat.cat:2072/485476</identifier><datestamp>2025-08-31T18:21:20Z</datestamp><setSpec>com_2072_98</setSpec><setSpec>col_2072_378192</setSpec></header><metadata><record xmlns="http://www.loc.gov/MARC21/slim" xmlns:dcterms="http://purl.org/dc/terms/" xmlns:xsi="http://www.w3.org/2001/XMLSchema-instance" xmlns:doc="http://www.lyncode.com/xoai" xsi:schemaLocation="http://www.loc.gov/MARC21/slim http://www.loc.gov/standards/marcxml/schema/MARC21slim.xsd">
   <leader>00925njm 22002777a 4500</leader>
   <datafield ind2=" " ind1=" " tag="042">
      <subfield code="a">dc</subfield>
   </datafield>
   <datafield ind2=" " ind1=" " tag="720">
      <subfield code="a">Lecumberri, Monica</subfield>
      <subfield code="e">author</subfield>
   </datafield>
   <datafield ind2=" " ind1=" " tag="720">
      <subfield code="a">Mandlate, Dórcia</subfield>
      <subfield code="e">author</subfield>
   </datafield>
   <datafield ind2=" " ind1=" " tag="720">
      <subfield code="a">Cote, Vasco</subfield>
      <subfield code="e">author</subfield>
   </datafield>
   <datafield ind2=" " ind1=" " tag="720">
      <subfield code="a">Martín-Baranera, Montserrat</subfield>
      <subfield code="e">author</subfield>
   </datafield>
   <datafield ind2=" " ind1=" " tag="720">
      <subfield code="a">Moser, Carlos L</subfield>
      <subfield code="e">author</subfield>
   </datafield>
   <datafield ind2=" " ind1=" " tag="260">
      <subfield code="c">2025</subfield>
   </datafield>
   <datafield ind2=" " ind1=" " tag="520">
      <subfield code="a">Altres ajuts: Universitat Oberta de Catalunya (UOC) e-Health Center Project 2022</subfield>
   </datafield>
   <datafield ind2=" " ind1=" " tag="520">
      <subfield code="a">Background: Cataract is the world's leading cause of avoidable blindness. High-quality cataract surgery is a cost-effective procedure to restore vision. In low- and middle-income countries (LMIC), there are high rates of poor outcomes after surgery and inadequate follow-up, which makes it difficult to effectively monitor surgical outcomes. To address this issue, the Better Operative Outcomes Software Tool (BOOST Cataract app) assesses the final outcome on the first postoperative day and records the reasons for poor outcomes at 6 weeks postoperatively, offering specific advice to improve outcomes. Objective: The aim of this study is to evaluate the real-world utility of the BOOST Cataract app for monitoring cataract surgical outcomes in Inhambane Province (Mozambique) and to analyze the data collected by the app during a surgical campaign conducted therein. Methods: This prospective study of diagnostic accuracy included patients older than 50 years who underwent manual small-incision cataract surgery. The BOOST Cataract app was used to collect data on visual acuity (VA) on the first postoperative day and to assess surgical outcomes. The sensitivity and specificity (with their 95% CIs) and area under the curve of the BOOST Cataract app (index test) were calculated to identify suboptimal outcomes (moderate and poor) compared with outcomes 6 weeks after surgery (reference standard). The causes of poor outcomes after 6 weeks were recorded and evaluated using the app. Results: A total of 141 patients who underwent surgery during a cataract campaign in Inhambane Province (Mozambique) between April 2022 and May 2022 were included in the study. The mean age was 70 (SD 10.2) years, and 48.2% (68/141) of the participants were women. Of the 141 patients, 8 (5.7%) did not complete the study. The BOOST Cataract app had a sensitivity of 94.44% and a specificity of 59% for detecting suboptimal outcomes. The area under the curve was 0.825. The campaign outcomes were as follows: good (VA ≥6/18) in 45.9% (61/133) of cases, moderate (VA &lt;6/18 to ≥6/60) in 33.8% (45/133), and poor (VA&lt;6/60) in 20.3% (27/133) of cases. The main cause of a poor outcome was surgical complication, while refractive error was the main cause of a moderate outcome. Conclusions: The BOOST Cataract app is a valuable tool for assessing suboptimal cataract surgery outcomes without waiting for the completion of postoperative treatment in settings where postoperative follow-up is incomplete. In resource-limited eye care systems, the BOOST Cataract app provides an opportunity to assess outcomes and analyze results to develop specific strategies to improve quality at a local level.</subfield>
   </datafield>
   <datafield ind1="8" ind2=" " tag="024">
      <subfield code="a">http://hdl.handle.net/2072/485476</subfield>
   </datafield>
   <datafield tag="653" ind2=" " ind1=" ">
      <subfield code="a">Cataract extraction</subfield>
   </datafield>
   <datafield tag="653" ind2=" " ind1=" ">
      <subfield code="a">Outcome assessment</subfield>
   </datafield>
   <datafield tag="653" ind2=" " ind1=" ">
      <subfield code="a">Health care</subfield>
   </datafield>
   <datafield tag="653" ind2=" " ind1=" ">
      <subfield code="a">Developing countries</subfield>
   </datafield>
   <datafield tag="653" ind2=" " ind1=" ">
      <subfield code="a">Visual acuity</subfield>
   </datafield>
   <datafield tag="653" ind2=" " ind1=" ">
      <subfield code="a">Software</subfield>
   </datafield>
   <datafield ind2="0" ind1="0" tag="245">
      <subfield code="a">Effectiveness of the Better Operative Software Outcomes Tool for Monitoring Cataract Surgery Outcomes in Inhambane Province, Mozambique: Prospective Pilot Diagnostic Accuracy Study</subfield>
   </datafield>
</record></metadata></record></GetRecord></OAI-PMH>